000 01056nam a2200229 a 4500
001 000382752
003 AM-YeHGA
005 20250617161056.0
008 041116s1964 ||||||||||||||||||||rus d
040 _aAM-YeHGA
041 0 _arus
245 0 0 _aНародная Румыния сегодня :
_b1944 - 1964 : Статьи, очерки, интервью, стихи, хроника /
_cСост. И. Кумпэнашу и др. ; Ред. А. Луковец.
260 _aМосква :
_bПравда,
_c1964.
300 _a232 стр. :
_bилл. ;
_c27 см.
650 1 4 _aЭкономика отдельных зарубежных стран
_zРумыния
650 1 4 _aПолитическая, экономическая и культурная жизнь отдельных стран и местностей
700 1 _aКумпэнашу, И.
_eсост.
_4com
700 1 _aБырлэдяну, В.
_eсост.
_4com
700 1 _aМындрою, Д.
_eсост.
_4com
700 1 _aЛуковец, А.
_eред.
_4edt
090 _c468266
999 _c465069
_d465069